000 00413nam a2200169Ia 4500
001 2201
003 IN-NITTTR
005 20251114232926.0
008 251113s9999||||xx |||||||||||||| ||eng||
040 _beng
040 _cIN-NITTTR
041 _aeng
082 _a510.2462138 C674B
100 _aColebrook, F. M.
245 0 _aBasic Mathematics for Radio and Electronics. /
_cColebrook, F. M.
942 _2ddc
_cBK
999 _c3294
_d3294